000 00613nam a2200205Ia 4500
003 GCL
008 140319s9999 xx 000 0 ara d
040 _aGCL /
_cGCL
082 0 4 _a468.2
_bج ت
100 1 _aجوزيف بدوى
245 1 0 _aتعلم الاسبانية /
_cجوزيف بدوى
260 _a[S.N] :
_bاكاديميا ،
_c1992
300 _a185 ص
490 _aسلسلة المامون
_v0
650 0 4 _aطرق التدريس
650 0 4 _aتعليم وتدريس
650 0 4 _aاللغة الاسبانية
650 0 4 _aالكتب الدراسية للاجانب
942 _2ddc
_cBK
999 _c32950
_d32950